Barron's how to prepare for the TOEFL essay : Test of English as a foreign language

Gorde:
Xehetasun bibliografikoak
Egile nagusia: Lougheed, Lin
Formatua: Liburua
Hizkuntza:Undetermined
Argitaratua: Thành phố Hồ Chí Minh Nhà xuất bản Thành phố Hồ Chí Minh 2004
Gaiak:
Etiketak: Etiketa erantsi
Etiketarik gabe, Izan zaitez lehena erregistro honi etiketa jartzen!
Thư viện lưu trữ: Trung tâm Học liệu Trường Đại học Cần Thơ
LEADER 00745nam a2200217Ia 4500
001 CTU_64685
008 210402s9999 xx 000 0 und d
020 |c 30000 
082 |a 428.0076 
082 |b L887 
100 |a Lougheed, Lin 
245 0 |a Barron's how to prepare for the TOEFL essay : 
245 0 |b Test of English as a foreign language 
245 0 |c Lin Lougheed 
260 |a Thành phố Hồ Chí Minh 
260 |b Nhà xuất bản Thành phố Hồ Chí Minh 
260 |c 2004 
650 |a English language,Technical writing 
650 |x Compositions, exercises, etc. 
904 |i Minh, Mai chuyển số PL từ 808.066 thành 428.0076 
980 |a Trung tâm Học liệu Trường Đại học Cần Thơ